000 00272nam a22001217a 4500
008 170922b xxu||||| |||| 00| 0 eng d
041 _aeng
080 _a78
100 _a45
101 _aMUZ
245 _aTHE INTERNATIONAL LIBRARY MUSUC
_cPAD.I.J
942 _2udc
_cBK
999 _c28931
_d28931